Christmas Carols #1 - Statistics

General Stats
  • This quiz has been taken 56 times
  • The average score is 5 of 13
Answer Stats
Lyric Carol % Correct
Three french hens Twelve Days of Christmas
83%
With the dawn of redeeming grace Silent Night
72%
Thumpety thump, thump, thumpety thump, thump Frosty the Snowman
61%
And a cup of good cheer! We Wish You a Merry Christmas
57%
The ox and lamb kept time Little Drummer Boy
54%
Why your joyous strains prolong Angels We Have Heard on high
39%
O'er hill and dale, telling their tale Carol of the Bells
24%
The humble Christ was born Go, Tell it on the Mountain
24%
Captivum solvet Israel Veni Veni Emmanuel
20%
Underneath the mountain Good King Wenceslas
17%
The silent Word is pleading What Child is This?
17%
for the Lord God Omnipotent reigneth! Hallelujah Chorus
11%
Brings to us all both joy and glee O Christmas Tree
4%
No matching quizzes found
Score Distribution
Percent of People with Each Score
Percentile by Number Answered
Your Score History
You have not taken this quiz